000 00526nam a2200193Ia 4500
005 20250326141630.0
008 250326s9999 xx 000 0 und d
037 _aTextbook
040 _aFMSL
_beng
_cFMSL
041 _aeng
_2eng
084 _aX4.44NM9 M9
_qFMSL
100 _aIndia Govt OF .....
245 0 _aTransport in India
_cIndia Govt OF .....
250 _a2
260 _aNew Delhi
_bNew Delhi, Govt. of India
_c1989
300 _a70p
942 _cTB
_hX4.44NM9 M9
999 _c1291226
_d1291226